Gabriel García Moreno: Descorriendo el telón de la verdad /

Detalhes bibliográficos
Outros Autores: Salazar Alvarado, Francisco (autor)
Formato: Livro
Idioma:Spanish
Publicado em: Quito: Editorial Fundación Jesús de la Misericordia, 2009.
Edição:Primera edición.
Assuntos:

MARC

LEADER 00000nam a2200000 a 4500
003 eccuu
005 20231129062723.0
006 a||||gr|||| 001 0
007 ta
008 012012|2009 ||||||||r|||||||||||spa||
040 |b spa  |a eccuu  |c eccuu  |e rda 
041 1 |a spa 
082 0 |a 923.186 6  |c si5997 
245 0 0 |a Gabriel García Moreno:   |b Descorriendo el telón de la verdad /   |c Francisco Salazar Alvardo editor responsable 
250 |a Primera edición. 
264 1 |a Quito:  |b Editorial Fundación Jesús de la Misericordia,   |c 2009. 
300 |a 284 páginas  |c 22 cm 
336 |2 rdacontent  |a texto  |b txt 
337 |2 rdamedia  |a no mediado  |b nc 
338 |2 rdacarrier  |a volumen  |b n 
600 1 7 |a García Moreno, Gabriel.   |d 1821-1875  |9 310432 
600 1 7 |a García Moreno, Gabriel.   |d 1821-1875  |9 310432 
700 1 |9 104672  |a Salazar Alvarado, Francisco.  |e autor 
852 |a UC-CDJBV  |f Donación  |l 1  |m General  |p 20120123  |q 1.00  |t si5996  |b 0  |d CDRC  |e CDRC  |g 923 TERCER PISO  |z 2012-20-12 
942 |c BK  |0 2  |2 ddc  |z wilman.tandazo@ucuenca.edu.ec 
999 |c 62703  |d 62703